000 00762nam a22002177a 4500
999 _c17316
_d17316
003 AR-CdUCM
008 190508b ||||| |||| 00| 0 spa d
040 _aMUNICIPALIDAD PROVINCIAL DEL CUSCO
_cBIBLIOTECA MUNICIPAL DEL CUSCO
082 _a828.9 /
_bO62
100 _aOrczy, Baronesa De
_937261
245 _aEl dorado /
260 _aBuenos Aires :
_bTor,
_c1945.
300 _a187 páginas ;
_c18 cm.
440 _aLa serie de pimpinela escarlata ;
_937262
505 _aContenido: El teatro nacional -- Diferentes ideales -- Tentación diabólica -- La señorita Lange -- La cárcel del Temple...
650 _aTeatro
_9173
650 _aSiglo XX.
_98
700 _aPuccio, Alberto (traductor)
_937263
942 _2ddc
_cLIBROS
945 _aacv
_d2019-05-08